Tutti gli Stati che hanno controllato Maribor - Statistics

Statistiche generali
  • Questo quiz è stato fatto 4 volte
  • Il punteggio medio è 12 su 15
Statistiche sulle risposte
con Immagini Hint Risposta % Corretto
(1250 - 1254) Ducato d'Austria
100%
(1278 - 1453) Ducato d'Austria
100%
1918 - 1929 Regno dei Serbi, Croati e Sloveni
100%
1929 - 1941 Regno di Jugoslavia
100%
1991 - Oggi Repubblica di Slovenia
100%
1945 - 1991 Repubblica Socialista Federale di Jugoslavia
100%
~1150 - 1254 / 1260 - 1806 Sacro Romano Impero
100%
1804 - 1867 Impero Austriaco
75%
1867 - 1918 Impero Austro-Ungarico
75%
1254 - 1260 Regno d'Ungheria
75%
1918 Stato dei Serbi, Croati e Sloveni
75%
1941 - 1945 Terzo Reich
75%
(1453 - 1804) Arciducato d'Austria
50%
(1260 - 1278) Regno di Boemia
50%
1918 Repubblica dell'Austria tedesca
50%
Nessun quiz corrispondente trovato
Distribuzione punteggi
Percentuale di utenti per punteggio
Percentile per numero di risposta
I tuoi punteggi nel tempo
Non hai fatto questo quiz